Chivas- death note odgadnij cały tekst - Statystyki

Ogólne statystyki
  • Ten quiz został rozwiązany 94 razy
  • Średni wynik to 152 z 206
Statystyki odpowiedzi
Odpowiedź % Poprawnych
w
96%
a
95%
death
93%
i
93%
note
92%
na
91%
się
91%
z
91%
po
89%
to
89%
mi
85%
chce
84%
bo
83%
gaz
83%
kupiłem
83%
tylko
83%
jej
81%
pieprzyć
81%
torebkę
81%
bardzo
80%
dużo
80%
gdzie
80%
jest
80%
jesteś
80%
pięter
80%
powiedz
80%
wyślij
80%
mną
79%
nie
79%
pode
79%
stoję
79%
moim
77%
pinezkę
77%
barierce
76%
czemu
76%
szeptem
76%
te
76%
mogę
75%
mówisz
75%
że
75%
imieniem
73%
dwie
72%
kochałem
72%
papierek
72%
twoim
72%
wydarty
72%
Wydarty
72%
zde
72%
co
71%
do
71%
jedna
71%
teraz
71%
wiedziała
71%
wyląduję
71%
zdechnąć
71%
końcu
69%
zakochałaś
69%
zielonego
69%
cara
68%
mnie
68%
naraz
68%
obie
68%
pikawa
68%
pokochały
68%
tak
68%
uwaga
68%
zeszyt
68%
zielona
68%
czarnym
67%
dałem
67%
mam
67%
markerem
67%
raz
67%
sobie
67%
a4
65%
powiedziałem
65%
śpi
65%
tabletkę
65%
terapeucie
65%
cała
64%
czuję
64%
kocham
64%
lubię
64%
mój
64%
prostu
63%
przeszło
63%
63%
zodiakary
63%
chcą
61%
czarownice
61%
dlaczego
61%
dom
61%
magii
61%
motylkowe
61%
noże
61%
pytanie
61%
zabić
61%
muscle
60%
napisałem
60%
zwykle
60%
bestię
59%
domek
59%
już
59%
niego
59%
nad
57%
obiecałem
57%
swój
57%
wychodzę
57%
jeziorem
56%
siedzę
56%
ciekawe
55%
nią
52%
pentagramach
52%
nocy
47%
ej
41%
obudzę
41%
sami
39%
jeszcze
36%
deathcore'owy
28%
choć
5%
Nie znaleziono quizów pasujących do podanych kryteriów
Rozkład punktacji
Procent ludzi z każdym wynikiem
Percentyl według liczby udzielonych odpowiedzi
Twoja historia wyników
Nie rozwiązałeś tego quizu